| 000 | 00781cam a22002535a 4500 | ||
|---|---|---|---|
| 001 | 11815605 | ||
| 005 | 20180510141546.0 | ||
| 008 | 991020t2000 mau frb 001 0 eng d | ||
| 020 | _a0201612771 | ||
| 020 | _a9780201612776 | ||
| 040 |
_aDLC _cDLC _dDLC _dEG-ScBUE _beng |
||
| 082 | 0 | 4 |
_a005.1313 _222 _bFRI |
| 100 | 1 | _aFriedman, Frank L. | |
| 245 | 1 | 0 |
_aProblem solving, abstraction, design using C++ / _cFrank L. Friedman, Elliot B. Koffman. |
| 250 | _a3rd ed. | ||
| 260 |
_aReading : _bAddison-Wesley, _cc.2000. |
||
| 300 |
_axxvi, 822 p. ; _c24 cm. |
||
| 504 | _aIncludes bibliographical references and index. | ||
| 650 | 7 |
_aC++ (Computer program language) _2BUEsh _93406 |
|
| 651 | _2BUEsh | ||
| 653 |
_bCOMSCI _cMay2018 |
||
| 700 | 1 | _aKoffman, Elliot B. | |
| 942 | _2ddc | ||
| 999 |
_c26693 _d26665 |
||